Gaming Quiz

Random Gaming or Computer Quiz

Classic Microsoft Games Slideshow Quiz Stats

Quiz Updated Jun 3, 2015

Also try: Blizzard Games
Challenge
Share
Tweet
Score 0/20 Timer 05:00
18 Plays Today
% Correct
Correct! It's Tetris
95.5%
Just say Yes to Chess
91.6%
Nice, this is Minesweeper
91.1%
Yessir, this is Solitaire
83.1%
Good memory, it's Pegged
75%
Correct, it's FreeCell
70.9%
Good! This is Hearts
68.5%
Correct, this is Taipei
61.6%
This game is indeed Cruel
57.3%
Nice work, it's SkiFree
50.7%
% Correct
Very good, Chip's Challenge
48.7%
Indeed, this is TetraVex
47%
Yes, this is JezzBall
39.7%
Right you are, Rodent's Revenge
38.6%
You got it, Pipe Dream
38.3%
Correct, this is Stones
29.2%
Yes, it's Golf
28%
Good job, it's RattlerRace
26.4%
Nicely done, this is TicTactics
24.5%
Correct, Tut's Tomb
20.7%

You're not logged in!

Compare scores with friends on all Sporcle quizzes.
Sign Up with Email
OR
Log In

You Might Also Like...

Show Comments

Extras

Top Quizzes Today


Score Distribution

Your Account Isn't Verified!

In order to create a playlist on Sporcle, you need to verify the email address you used during registration. Go to your Sporcle Settings to finish the process.